000 00232nam a22001097a 4500
082 _a621.38OPP
100 _aOppenheim,Allan V
245 _aSignal & Systems
250 _a2nd Ed
260 _aIndia
_bPratice-Hall
_c1997
942 _cBK
999 _c23283
_d23283